Statistics for Köppen Climate Classification

Click here to take the quiz!

General Stats

  • This quiz has been taken 40 times
  • The average score is 24 of 31

Answer Stats

DescriptionClassification% Correct
Hot DesertBWh
87%
Mediterranean Hot SummerCsa
87%
Tropical RainforestAf
83%
Mediterranean Warm/Cool SummerCsb
83%
Mediterranean Cold SummerCsc
83%
Continental Hot Summer No Dry SeasonDfa
83%
Continental Hemiboreal/Warm No Dry SeasonDfb
83%
Continental Dry Winter Subarctic/Boreal Severe WintersDwd
83%
TundraET
83%
Tropical MonsoonAm
78%
Tropical Savanna (dry summer)As
78%
Tropical Savanna (dry winter)Aw
78%
Hot Semi-aridBSh
78%
Continental Subarctic/Boreal Severe Winters No Dry SeasonDfd
78%
Continental Dry Summer Hot SummerDsa
78%
Continental Dry Summer Hemiboreal/WarmDsb
78%
Continental Dry Summer Subarctic/BorealDsc
78%
Continental Dry Summer Subarctic/Boreal Severe WintersDsd
78%
Continental Dry Winter Hot SummerDwa
78%
Continental Dry Winter Subarctic/BorealDwc
78%
Ice CapEF
78%
Continental Subarctic/Boreal No Dry SeasonDfc
74%
Continental Dry Winter Hemiboreal/WarmDwb
74%
Cold Semi-aridBSk
70%
Humid SubtropicalCfa
70%
Dry-winter Subtropical HighlandCwb
70%
Dry-winter Cold Subtropical HighlandCwc
70%
Cold DesertBWk
65%
OceanicCfb
65%
Dry-winter Humid SubtropicalCwa
65%
Sub-polar OceanicCfc
57%

Score Distribution

Percentile by Number Answered

Percent of People with Each Score

Your Score History

You have not taken this quiz